000
00306nam a2200133 a 4500
008
020703s1954||||xx 0 und c
040
_a
SNK
_b
slo
_c
SNK
_e
AACR2
245
1
0
_a
Votrubov zbornĂk
260
_a
Bratislava
_b
SVKL
_c
1954
300
_a
384 s.
044
_a
xo
_c
SK
041
_a
slo
020
_c
52,70
999
_c
15209
_d
15209